00421nam a2200157Ia 450000500170000000800410001704000190005804100120007708200160008910000190010524500490012426000320017330000120020565000360021785000100025320221221100729.0131103s9999 xx 000 0 und d aLoreto College aEnglish a813.52bSTE aSteinbeck,John 4aThe Winter of our discontentcJohn Steinbeck aNew YorkbBantam Bookc1962 a298 p.  aAmerican Fiction - 20th Century aLCLIB